[Event "MONTCADA"]
[Site "?"]
[Date "2015.06.26"]
[Round "2.1"]
[White "Cruz, F."]
[Black "Peralta, F."]
[Result "0-1"]
[BlackElo "2556"]
[WhiteElo "2400"]
[LiveChessVersion "1.4.6"]

1. e4 {[%clk 1:30:40]} c6 {[%clk 1:29:00]} 2. d4 {[%clk 1:30:37]} d5
{[%clk 1:29:25]} 3. exd5 {[%clk 1:29:50]} cxd5 {[%clk 1:29:49]} 4. c4
{[%clk 1:30:09]} Nf6 {[%clk 1:30:14]} 5. Nc3 {[%clk 1:30:31]} Nc6
{[%clk 1:29:20]} 6. Bg5 {[%clk 1:30:23]} Be6 {[%clk 1:28:57]} 7. g3
{[%clk 1:25:56]} Qa5 {[%clk 0:42:22]} 8. Bg2 {[%clk 0:37:39]} Bg4
{[%clk 0:41:53]} 9. Qd2 {[%clk 0:32:59]} dxc4 {[%clk 0:40:11]} 10. Nf3
{[%clk 0:31:49]} O-O-O {[%clk 0:34:56]} 11. Bxf6 {[%clk 0:20:10]} exf6
{[%clk 0:33:44]} 12. Qf4 {[%clk 0:20:16]} Qf5 {[%clk 0:31:22]} 13. Qxf5+
{[%clk 0:18:59]} Bxf5 {[%clk 0:31:47]} 14. d5 Nb4 {[%clk 0:27:00]} 15. O-O
{[%clk 0:18:53]} Bc5 {[%clk 0:25:31]} 16. a3 {[%clk 0:15:35]} Nd3
{[%clk 0:22:18]} 17. Na4 {[%clk 0:14:54]} Bd6 {[%clk 0:19:25]} 18. b3
{[%clk 0:10:44]} cxb3 {[%clk 0:16:31]} 19. Rab1 {[%clk 0:11:04]} Nc5
{[%clk 0:13:18]} 20. Rbc1 {[%clk 0:10:35]} Kb8 {[%clk 0:04:43]} 21. Rxc5
{[%clk 0:10:47]} Bxc5 {[%clk 0:04:49]} 22. Nxc5 {[%clk 0:11:11]} b2
{[%clk 0:04:58]} 23. Nd2 {[%clk 0:11:25]} Rc8 {[%clk 0:04:56]} 24. Nce4
{[%clk 0:07:02]} Rc1 {[%clk 0:04:44]} 25. d6 {[%clk 0:06:39]} Rd8
{[%clk 0:03:13]} 26. f4 {[%clk 0:05:49]} Bxe4 {[%clk 0:00:54]} 27. Bxe4
{[%clk 0:06:09]} Rxd6 {[%clk 0:00:43]} 28. Nb1 {[%clk 0:06:05]} f5
{[%clk 0:00:42]} 29. Bxf5 {[%clk 0:06:11]} g6 {[%clk 0:00:47]} 30. Be4
{[%clk 0:06:15]} Rd4 {[%clk 0:00:39]} 31. Bf3 {[%clk 0:04:48]} Rdc4
{[%clk 0:00:54]} 0-1

[Event "MONTCADA"]
[Site "?"]
[Date "2015.06.26"]
[Round "2.2"]
[White "Stopa, J."]
[Black "Perpinya Rofes, L."]
[Result "1-0"]
[BlackElo "2398"]
[WhiteElo "2540"]
[LiveChessVersion "1.4.6"]

1. d4 {[%clk 1:30:59]} Nf6 {[%clk 1:30:49]} 2. c4 {[%clk 1:31:24]} g6
{[%clk 1:31:09]} 3. f3 {[%clk 1:31:49]} Bg7 {[%clk 1:30:36]} 4. e4
{[%clk 1:32:13]} d6 {[%clk 1:30:50]} 5. Ne2 {[%clk 1:32:24]} O-O {[%clk 1:28:47]}
6. Be3 {[%clk 1:32:47]} c5 {[%clk 1:27:24]} 7. Qd2 {[%clk 1:33:11]} Nc6
{[%clk 1:25:32]} 8. d5 {[%clk 1:33:36]} Na5 {[%clk 1:23:29]} 9. Nec3
{[%clk 1:33:39]} e6 {[%clk 1:17:51]} 10. Bg5 {[%clk 1:14:09]} h6 {[%clk 1:06:36]}
11. Be3 {[%clk 1:14:29]} exd5 {[%clk 1:05:28]} 12. cxd5 {[%clk 1:14:50]} Nd7
{[%clk 0:52:25]} 13. h4 {[%clk 1:07:21]} Ne5 {[%clk 0:45:12]} 14. Na3
{[%clk 1:02:30]} h5 {[%clk 0:37:58]} 15. Rc1 {[%clk 0:59:25]} a6 {[%clk 0:36:51]}
16. Nd1 {[%clk 0:58:00]} b5 {[%clk 0:33:42]} 17. Be2 {[%clk 0:57:28]} f5
{[%clk 0:26:26]} 18. Bg5 {[%clk 0:56:27]} Qb6 {[%clk 0:25:50]} 19. Nf2
{[%clk 0:45:02]} Bd7 {[%clk 0:24:32]} 20. b3 {[%clk 0:41:53]} Rae8
{[%clk 0:21:50]} 21. O-O {[%clk 0:41:30]} Kh7 {[%clk 0:16:05]} 22. Nc2
{[%clk 0:37:48]} Nb7 {[%clk 0:13:26]} 23. exf5 {[%clk 0:35:52]} Bxf5
{[%clk 0:10:06]} 24. Ne3 {[%clk 0:34:13]} Bd7 {[%clk 0:09:31]} 25. Ne4
{[%clk 0:33:58]} c4 {[%clk 0:08:25]} 26. bxc4 {[%clk 0:32:41]} bxc4
{[%clk 0:05:15]} 27. Rb1 {[%clk 0:26:18]} Qa7 {[%clk 0:04:50]} 28. Kh1
{[%clk 0:25:02]} Rc8 {[%clk 0:04:09]} 29. Qb4 {[%clk 0:21:22]} Rc7
{[%clk 0:03:14]} 30. Qb6 {[%clk 0:19:15]} Qxb6 {[%clk 0:02:43]} 31. Rxb6
{[%clk 0:19:44]} Nf7 {[%clk 0:02:10]} 32. Nxc4 {[%clk 0:15:07]} Bb5
{[%clk 0:02:09]} 33. Nf6+ {[%clk 0:13:35]} Kh8 {[%clk 0:01:52]} 34. a4
{[%clk 0:12:54]} Bxa4 {[%clk 0:01:44]} 35. Nb2 {[%clk 0:12:31]} Bb5
{[%clk 0:01:32]} 36. Bxb5 {[%clk 0:13:00]} axb5 {[%clk 0:01:57]} 37. Rxb5
{[%clk 0:13:11]} Nxg5 {[%clk 0:01:59]} 38. hxg5 {[%clk 0:13:39]} Bxf6
{[%clk 0:01:44]} 39. gxf6 {[%clk 0:14:08]} Rxf6 {[%clk 0:01:59]} 40. Re1
{[%clk 0:12:17]} Kg7 {[%clk 0:01:35]} 41. Nd3 {[%clk 0:12:12]} Nc5
{[%clk 0:01:10]} 42. Rc1 {[%clk 0:11:18]} Na6 {[%clk 0:00:42]} 43. Rc6
{[%clk 0:10:18]} Rxc6 {[%clk 0:00:47]} 44. dxc6 {[%clk 0:10:47]} Nc7
{[%clk 0:00:56]} 45. Rb7 {[%clk 0:10:29]} Rf7 {[%clk 0:01:23]} 46. Nb4
{[%clk 0:10:11]} d5 {[%clk 0:00:53]} 47. Kg1 {[%clk 0:10:32]} Kf8
{[%clk 0:01:01]} 48. Kf2 {[%clk 0:10:39]} Re7 {[%clk 0:01:16]} 49. Nd3
{[%clk 0:10:02]} Kf7 {[%clk 0:01:01]} 50. Nf4 {[%clk 0:08:42]} d4
{[%clk 0:01:06]} 51. Rb4 {[%clk 0:08:53]} Ne6 {[%clk 0:01:12]} 52. Nd5
{[%clk 0:06:09]} Re8 {[%clk 0:01:35]} 53. Rb7+ {[%clk 0:06:28]} Kf8
{[%clk 0:02:04]} 54. c7 {[%clk 0:04:02]} d3 {[%clk 0:02:16]} 55. Nf6
{[%clk 0:03:16]} d2 {[%clk 0:01:06]} 56. Ke2 {[%clk 0:03:08]} Nxc7+
{[%clk 0:00:57]} 57. Nxe8 {[%clk 0:03:32]} Nxe8 {[%clk 0:01:14]} 58. Kxd2
{[%clk 0:03:58]} Nd6 {[%clk 0:01:27]} 59. Ra7 {[%clk 0:04:12]} Nf7
{[%clk 0:01:44]} 60. Ke3 {[%clk 0:04:15]} Kg7 {[%clk 0:02:08]} 61. Kf4
{[%clk 0:03:41]} Kf6 {[%clk 0:02:14]} 62. Ra6+ {[%clk 0:04:09]} Kg7
{[%clk 0:02:33]} 63. Ke4 {[%clk 0:03:31]} Ng5+ {[%clk 0:02:02]} 64. Kd5
{[%clk 0:03:25]} Nf7 {[%clk 0:02:01]} 65. Rb6 {[%clk 0:02:15]} Nh6
{[%clk 0:01:13]} 66. Ke5 {[%clk 0:02:21]} Nf7+ {[%clk 0:01:26]} 67. Ke6
{[%clk 0:01:55]} Ng5+ {[%clk 0:01:43]} 68. Ke7 {[%clk 0:02:24]} h4
{[%clk 0:01:25]} 69. f4 {[%clk 0:02:06]} Ne4 {[%clk 0:01:39]} 70. Ke6
{[%clk 0:01:59]} Ng3 {[%clk 0:01:03]} 71. Rb8 {[%clk 0:01:24]} Nf1
{[%clk 0:00:51]} 72. Rb3 {[%clk 0:01:24]} Ng3 {[%clk 0:00:59]} 73. Ke5
{[%clk 0:01:15]} Nf5 {[%clk 0:01:08]} 74. Rh3 {[%clk 0:01:01]} Kf7
{[%clk 0:01:17]} 75. Ke4 {[%clk 0:01:12]} Kf6 {[%clk 0:01:00]} 76. Ra3
{[%clk 0:01:41]} Kg7 {[%clk 0:00:37]} 77. Kf3 {[%clk 0:01:58]} Kh6
{[%clk 0:00:36]} 78. Ke4 1-0

[Event "MONTCADA"]
[Site "?"]
[Date "2015.06.26"]
[Round "2.3"]
[White "Eichner, S."]
[Black "Lopez Martinez, J."]
[Result "0-1"]
[BlackElo "2536"]
[WhiteElo "2394"]
[LiveChessVersion "1.4.6"]

1. d4 Nf6 2. c4 e6 3. Nf3 d5 4. Nc3 Nbd7 5. cxd5 exd5 6. Bf4 c6 7. e3 Nh5 8. Bg5
Be7 9. Bxe7 Qxe7 10. Be2 g6 11. O-O O-O 12. Rb1 a5 13. a3 Ng7 14. b4 axb4 15.
axb4 b5 16. Qb3 Nb6 17. Ne5 Qd6 18. Ra1 Be6 19. Rfd1 Nf5 20. Nd3 Qe7 21. Nc5 Nd6
22. Rdc1 Kh8 23. Nd1 Bf5 24. Nb2 Nbc4 25. Re1 Qg5 26. Nxc4 bxc4 27. Qb2 Be4 28.
Bf1 Bf5 29. Ra5 Rab8 30. e4 Rfe8 31. e5 Nb5 32. Qa1 Qd2 33. Rd1 Qc3 34. Qa2 Kg8
35. h3 h5 36. Kh1 Bxh3 37. Ra6 Bg4 38. f3 Bxf3 39. Rd2 Bg4 40. Rxc6 Nxd4 41. Rf6
Ra8 42. Na4 Qe3 43. Rdf2 Nf5 44. Bxc4 dxc4 45. Qxc4 Qe1+ 46. Rf1 Qxf1+ 0-1

[Event "MONTCADA"]
[Site "?"]
[Date "2015.06.26"]
[Round "2.4"]
[White "Narciso Dublan, M."]
[Black "Satyapragyan, S."]
[Result "1-0"]
[BlackElo "2392"]
[WhiteElo "2532"]
[LiveChessVersion "1.4.6"]

1. d4 {[%clk 1:30:54]} Nf6 {[%clk 1:30:32]} 2. Nf3 {[%clk 1:31:04]} e6
{[%clk 1:30:13]} 3. e3 {[%clk 1:31:05]} b6 {[%clk 1:30:20]} 4. Bd3
{[%clk 1:31:17]} Bb7 {[%clk 1:30:46]} 5. O-O {[%clk 1:31:24]} c5 {[%clk 1:30:47]}
6. c4 {[%clk 1:31:25]} Be7 {[%clk 1:29:51]} 7. Nc3 {[%clk 1:31:34]} a6
{[%clk 1:29:54]} 8. b3 {[%clk 1:30:54]} d6 {[%clk 1:30:14]} 9. Bb2
{[%clk 1:30:57]} O-O {[%clk 1:29:41]} 10. d5 {[%clk 1:30:14]} exd5
{[%clk 1:29:53]} 11. cxd5 {[%clk 1:30:01]} b5 {[%clk 1:30:15]} 12. e4
{[%clk 1:30:01]} Nbd7 {[%clk 1:29:38]} 13. h3 {[%clk 1:27:24]} Re8
{[%clk 1:23:59]} 14. Re1 {[%clk 1:22:04]} Bf8 {[%clk 1:20:31]} 15. a4
{[%clk 1:11:53]} b4 {[%clk 1:14:14]} 16. Nb1 {[%clk 1:12:05]} a5 {[%clk 1:04:30]}
17. Nbd2 {[%clk 1:09:46]} Ba6 {[%clk 1:01:34]} 18. Bxa6 {[%clk 1:08:18]} Rxa6
{[%clk 1:02:00]} 19. Qc2 {[%clk 0:59:41]} g6 {[%clk 0:59:26]} 20. Nc4
{[%clk 0:57:43]} Bg7 {[%clk 0:56:42]} 21. Rad1 {[%clk 0:55:08]} Nh5
{[%clk 0:49:46]} 22. Bxg7 {[%clk 0:46:39]} Kxg7 {[%clk 0:49:26]} 23. e5
{[%clk 0:36:25]} dxe5 {[%clk 0:47:38]} 24. Ncxe5 {[%clk 0:34:58]} Nxe5
{[%clk 0:43:21]} 25. Rxe5 {[%clk 0:35:10]} Rxe5 {[%clk 0:40:35]} 26. Nxe5
{[%clk 0:35:35]} Nf4 {[%clk 0:39:19]} 27. Qxc5 {[%clk 0:23:29]} Qg5
{[%clk 0:28:18]} 28. Ng4 {[%clk 0:23:42]} h5 {[%clk 0:27:43]} 29. Ne3
{[%clk 0:20:45]} Nxh3+ {[%clk 0:25:04]} 30. Kf1 {[%clk 0:20:59]} Nf4
{[%clk 0:24:48]} 31. g3 {[%clk 0:10:34]} Nh3 {[%clk 0:24:20]} 32. Qd4+
{[%clk 0:08:21]} Rf6 {[%clk 0:22:21]} 33. Rd2 {[%clk 0:08:37]} Kh7
{[%clk 0:13:51]} 34. d6 {[%clk 0:04:22]} Rf3 {[%clk 0:11:49]} 35. Kg2
{[%clk 0:03:36]} Rf4 {[%clk 0:11:13]} 36. Kxh3 {[%clk 0:00:45]} Rxd4
{[%clk 0:11:21]} 37. Rxd4 {[%clk 0:01:14]} Qf6 {[%clk 0:10:00]} 38. Rd2
{[%clk 0:01:25]} Qd8 {[%clk 0:06:54]} 39. d7 {[%clk 0:01:35]} f5 {[%clk 0:07:16]}
40. Nc4 {[%clk 0:00:50]} f4 {[%clk 0:07:39]} 41. Ne5 {[%clk 0:00:38]} fxg3
{[%clk 0:05:05]} 42. fxg3 {[%clk 0:00:58]} h4 {[%clk 0:05:24]} 43. gxh4
{[%clk 0:00:47]} g5 {[%clk 0:05:16]} 44. Nf7 {[%clk 0:00:49]} g4+
{[%clk 0:04:40]} 45. Kxg4 {[%clk 0:01:06]} Qa8 {[%clk 0:02:57]} 46. Ng5+
{[%clk 0:01:08]} 1-0

[Event "MONTCADA"]
[Site "?"]
[Date "2015.06.26"]
[Round "2.5"]
[White "Gurevich, D."]
[Black "Alonso Rosell, A."]
[Result "1/2-1/2"]
[BlackElo "2528"]
[WhiteElo "2368"]
[LiveChessVersion "1.4.6"]

1. d4 {[%clk 1:30:58]} d5 {[%clk 1:28:44]} 2. c4 {[%clk 1:31:26]} e6
{[%clk 1:29:07]} 3. Nf3 {[%clk 1:31:51]} c6 {[%clk 1:25:52]} 4. cxd5
{[%clk 1:28:05]} exd5 {[%clk 1:25:38]} 5. Qc2 {[%clk 1:28:33]} Bd6
{[%clk 1:13:01]} 6. Bg5 {[%clk 1:27:06]} Ne7 {[%clk 1:11:51]} 7. Nc3 Bg4
{[%clk 1:00:11]} 8. e3 {[%clk 1:25:32]} Bh5 {[%clk 1:00:24]} 9. Bd3
{[%clk 1:22:52]} Bg6 {[%clk 1:00:23]} 10. O-O {[%clk 1:21:17]} O-O
{[%clk 0:57:18]} 11. e4 {[%clk 1:19:43]} dxe4 {[%clk 0:55:42]} 12. Nxe4 Qc7
{[%clk 0:41:38]} 13. Nxd6 {[%clk 1:08:57]} Bxd3 {[%clk 0:28:56]} 14. Qxd3
{[%clk 1:09:18]} Qxd6 15. Qb3 Qc7 {[%clk 0:20:15]} 16. Bxe7 {[%clk 1:04:16]} Qxe7
{[%clk 0:20:42]} 17. Rfe1 {[%clk 0:43:56]} Qc7 {[%clk 0:18:28]} 18. Qa3
{[%clk 0:43:31]} Na6 {[%clk 0:11:48]} 19. Re7 {[%clk 0:37:18]} Qb6
{[%clk 0:11:35]} 20. Rae1 {[%clk 0:31:17]} c5 {[%clk 0:09:44]} 21. Qc3
{[%clk 0:07:18]} Rad8 {[%clk 0:07:39]} 22. dxc5 {[%clk 0:07:27]} Nxc5
{[%clk 0:07:52]} 23. Ne5 {[%clk 0:06:25]} Qd6 {[%clk 0:05:38]} 24. Nc4
{[%clk 0:05:12]} Qg6 {[%clk 0:04:40]} 25. Ne5 {[%clk 0:05:09]} Qd6
{[%clk 0:05:09]} 26. Nc4 {[%clk 0:05:15]} Qd3 {[%clk 0:03:17]} 27. Qb4
{[%clk 0:04:42]} Qd4 {[%clk 0:03:25]} 28. Qc3 {[%clk 0:03:43]} Qxc3
{[%clk 0:01:28]} 29. bxc3 {[%clk 0:04:12]} Rd7 {[%clk 0:01:53]} 30. Rxd7
{[%clk 0:03:58]} Nxd7 {[%clk 0:02:21]} 31. Kf1 {[%clk 0:02:10]} Rc8
{[%clk 0:00:39]} 32. Re7 {[%clk 0:02:18]} Nf8 {[%clk 0:01:00]} 33. Nd6
{[%clk 0:01:57]} Rxc3 {[%clk 0:01:23]} 34. Rxb7 {[%clk 0:02:14]} Rc1+
{[%clk 0:01:40]} 35. Ke2 {[%clk 0:02:39]} Rc2+ {[%clk 0:02:08]} 36. Ke3
{[%clk 0:02:58]} Rxa2 {[%clk 0:02:28]} 37. Nc8 {[%clk 0:02:35]} Ra3+
{[%clk 0:02:06]} 38. Kd2 {[%clk 0:03:04]} Ng6 39. Ne7+ {[%clk 0:02:23]} Kf8
{[%clk 0:01:20]} 40. Nf5 {[%clk 0:02:46]} f6 {[%clk 0:00:46]} 41. Nxg7
{[%clk 0:02:37]} Nf4 {[%clk 0:01:06]} 42. g3 {[%clk 0:03:00]} Ra2+
{[%clk 0:01:18]} 43. Ke3 {[%clk 0:03:14]} Nd5+ {[%clk 0:01:39]} 44. Kf3
{[%clk 0:03:09]} Ne7 {[%clk 0:01:37]} 45. Ne6+ {[%clk 0:03:33]} Kf7
{[%clk 0:02:05]} 46. Nd4 {[%clk 0:03:53]} Kf8 {[%clk 0:02:06]} 47. Ne6+
{[%clk 0:03:00]} Kf7 {[%clk 0:02:34]} 48. Nd4 {[%clk 0:03:16]} Kf8
{[%clk 0:02:57]} 49. Ne6+ {[%clk 0:03:40]} 1/2-1/2

[Event "MONTCADA"]
[Site "?"]
[Date "2015.06.26"]
[Round "2.6"]
[White "Del Rio De Angelis, S."]
[Black "Zwahr, P."]
[Result "1-0"]
[BlackElo "2360"]
[WhiteElo "2498"]
[LiveChessVersion "1.4.6"]

1. d4 {[%clk 1:30:18]} d5 {[%clk 1:30:34]} 2. c4 {[%clk 1:30:30]} c6
{[%clk 1:30:56]} 3. Nc3 {[%clk 1:30:53]} Nf6 {[%clk 1:31:15]} 4. cxd5
{[%clk 1:31:12]} cxd5 {[%clk 1:31:37]} 5. Bf4 {[%clk 1:31:37]} Nc6
{[%clk 1:32:00]} 6. e3 {[%clk 1:32:01]} Bf5 {[%clk 1:32:16]} 7. Nf3
{[%clk 1:32:04]} e6 {[%clk 1:32:34]} 8. Qb3 {[%clk 1:32:15]} Bb4 {[%clk 1:32:46]}
9. Bb5 {[%clk 1:32:31]} O-O {[%clk 1:32:55]} 10. O-O {[%clk 1:32:53]} Bxc3
{[%clk 1:32:50]} 11. Qxc3 {[%clk 1:33:18]} Rc8 {[%clk 1:33:06]} 12. Qa3
{[%clk 1:33:36]} Ne4 {[%clk 1:33:15]} 13. h3 {[%clk 1:30:58]} g5 {[%clk 1:25:14]}
14. Bh2 {[%clk 1:30:32]} f6 {[%clk 1:24:45]} 15. Rfc1 {[%clk 1:27:47]} Qb6
{[%clk 1:22:18]} 16. Be2 {[%clk 1:26:53]} Na5 {[%clk 1:04:34]} 17. Ne1
{[%clk 1:26:11]} Nd2 {[%clk 1:02:10]} 18. b3 {[%clk 1:20:45]} Ne4
{[%clk 0:58:39]} 19. Bf1 {[%clk 1:17:24]} Nc6 {[%clk 0:49:57]} 20. Qb2
{[%clk 1:14:45]} e5 {[%clk 0:37:49]} 21. dxe5 {[%clk 1:11:26]} fxe5
{[%clk 0:38:03]} 22. Nd3 {[%clk 1:06:41]} d4 {[%clk 0:35:46]} 23. exd4
{[%clk 0:59:50]} exd4 {[%clk 0:35:34]} 24. b4 {[%clk 0:58:03]} Nc3
{[%clk 0:30:28]} 25. Qb3+ {[%clk 0:54:20]} Kg7 {[%clk 0:30:08]} 26. b5
{[%clk 0:53:14]} Nxb5 {[%clk 0:23:04]} 27. Rab1 {[%clk 0:47:13]} Nc7
{[%clk 0:18:31]} 28. Qd1 {[%clk 0:44:16]} Qa6 {[%clk 0:18:13]} 29. Nb4
{[%clk 0:44:14]} Qa5 {[%clk 0:17:29]} 30. Nxc6 {[%clk 0:44:26]} bxc6
{[%clk 0:17:49]} 31. Qxd4+ {[%clk 0:44:49]} Kg8 {[%clk 0:17:29]} 32. Rb7
{[%clk 0:43:19]} Ne6 {[%clk 0:17:23]} 33. Bc4 {[%clk 0:43:03]} 1-0

[Event "MONTCADA"]
[Site "?"]
[Date "2015.06.26"]
[Round "2.7"]
[White "Asis Gargatagli, H."]
[Black "Alonso Garcia, R."]
[Result "1-0"]
[BlackElo "2344"]
[WhiteElo "2472"]
[LiveChessVersion "1.4.6"]

1. e4 {[%clk 1:30:57]} e6 {[%clk 1:30:53]} 2. d4 {[%clk 1:31:19]} d5
{[%clk 1:31:16]} 3. Nc3 {[%clk 1:31:42]} Bb4 {[%clk 1:31:37]} 4. e5
{[%clk 1:31:56]} c5 {[%clk 1:32:01]} 5. a3 {[%clk 1:32:23]} Bxc3+
{[%clk 1:32:23]} 6. bxc3 {[%clk 1:32:45]} Ne7 {[%clk 1:32:50]} 7. Qg4
{[%clk 1:33:03]} O-O {[%clk 1:29:38]} 8. Bd3 {[%clk 1:33:14]} f5 {[%clk 1:30:01]}
9. exf6 {[%clk 1:33:20]} Rxf6 {[%clk 1:30:29]} 10. Bg5 {[%clk 1:32:56]} Rf7
{[%clk 1:30:13]} 11. Qh5 {[%clk 1:33:03]} g6 {[%clk 1:30:35]} 12. Qd1
{[%clk 1:33:29]} e5 {[%clk 1:30:13]} 13. dxe5 {[%clk 1:32:43]} Nbc6
{[%clk 1:30:25]} 14. Nf3 {[%clk 1:29:07]} Bg4 {[%clk 1:30:01]} 15. Be2
{[%clk 1:29:32]} Qc7 {[%clk 1:26:50]} 16. O-O {[%clk 1:12:38]} Rd8
{[%clk 0:57:37]} 17. Re1 {[%clk 0:34:12]} Bxf3 {[%clk 0:51:51]} 18. Bxf3
{[%clk 0:34:35]} Nxe5 {[%clk 0:52:12]} 19. Bg4 {[%clk 0:34:45]} Nxg4
{[%clk 0:52:04]} 20. Qxg4 {[%clk 0:35:07]} Qd7 {[%clk 0:43:25]} 21. Qe6
{[%clk 0:09:57]} Qxe6 {[%clk 0:39:13]} 22. Rxe6 {[%clk 0:10:23]} Rd7
{[%clk 0:39:32]} 23. Bh6 {[%clk 0:09:20]} Rf5 {[%clk 0:34:25]} 24. g4
{[%clk 0:07:30]} Rf3 {[%clk 0:34:40]} 25. Kg2 {[%clk 0:07:16]} Rxc3
{[%clk 0:33:02]} 26. Rf6 {[%clk 0:07:24]} Rd8 {[%clk 0:33:23]} 27. Rb1
{[%clk 0:06:46]} b6 {[%clk 0:30:32]} 28. Re1 {[%clk 0:07:04]} Nc8
{[%clk 0:30:54]} 29. Re5 {[%clk 0:04:37]} Rc4 {[%clk 0:29:10]} 30. f3
{[%clk 0:05:03]} Nd6 {[%clk 0:25:04]} 31. Re7 {[%clk 0:04:26]} Rxc2+
{[%clk 0:24:26]} 32. Kh3 {[%clk 0:02:51]} Ne4 {[%clk 0:20:11]} 33. Rg7+
{[%clk 0:02:21]} Kh8 {[%clk 0:20:33]} 34. Rff7 {[%clk 0:02:10]} Nf2+
{[%clk 0:17:46]} 35. Kh4 {[%clk 0:02:19]} g5+ {[%clk 0:18:01]} 36. Kh5 1-0

[Event "MONTCADA"]
[Site "?"]
[Date "2015.06.26"]
[Round "2.8"]
[White "Moreno Ruiz, J."]
[Black "Gomez Jurado, L."]
[Result "1-0"]
[BlackElo "2312"]
[WhiteElo "2459"]
[LiveChessVersion "1.4.6"]

1. d4 {[%clk 1:30:16]} Nf6 {[%clk 1:30:16]} 2. c4 {[%clk 1:30:39]} e6
{[%clk 1:30:34]} 3. Nc3 {[%clk 1:30:58]} Bb4 {[%clk 1:29:54]} 4. e3
{[%clk 1:30:17]} Bxc3+ {[%clk 1:27:00]} 5. bxc3 {[%clk 1:30:24]} d6
{[%clk 1:27:26]} 6. Bd3 {[%clk 1:30:31]} Nc6 {[%clk 1:27:15]} 7. Ne2
{[%clk 1:29:39]} e5 {[%clk 1:27:11]} 8. e4 {[%clk 1:29:47]} h6 {[%clk 1:26:29]}
9. O-O {[%clk 1:28:32]} O-O {[%clk 1:26:04]} 10. f3 {[%clk 1:10:38]} Kh8
{[%clk 1:15:18]} 11. Be3 {[%clk 1:10:18]} Ng8 {[%clk 1:15:22]} 12. Ng3
{[%clk 1:06:10]} Nce7 {[%clk 1:10:43]} 13. f4 {[%clk 1:02:51]} exf4
{[%clk 1:10:33]} 14. Rxf4 {[%clk 1:02:45]} Ng6 {[%clk 1:10:41]} 15. Rf2
{[%clk 0:56:23]} Qe7 {[%clk 0:55:46]} 16. Qd2 {[%clk 0:53:40]} Bd7
{[%clk 0:54:38]} 17. Nf5 {[%clk 0:48:18]} Qd8 {[%clk 0:51:02]} 18. Raf1
{[%clk 0:47:19]} f6 {[%clk 0:50:05]} 19. Rf3 {[%clk 0:37:10]} Bxf5
{[%clk 0:49:52]} 20. exf5 {[%clk 0:37:35]} N6e7 {[%clk 0:50:07]} 21. g4
{[%clk 0:35:19]} Nc6 {[%clk 0:46:54]} 22. h4 {[%clk 0:34:50]} Qe8
{[%clk 0:42:27]} 23. g5 {[%clk 0:32:49]} Qh5 {[%clk 0:42:06]} 24. g6
{[%clk 0:28:05]} Qxh4 {[%clk 0:34:26]} 25. Kg2 {[%clk 0:25:01]} 1-0

[Event "MONTCADA"]
[Site "?"]
[Date "2015.06.26"]
[Round "2.9"]
[White "Sharma, D."]
[Black "Cruz, J."]
[Result "1-0"]
[BlackElo "2453"]
[WhiteElo "2362"]
[LiveChessVersion "1.4.6"]

1. e4 {[%clk 1:29:40]} e5 {[%clk 1:30:18]} 2. Nf3 {[%clk 1:30:02]} Nc6
{[%clk 1:30:19]} 3. Bb5 {[%clk 1:30:08]} a6 {[%clk 1:30:20]} 4. Ba4
{[%clk 1:30:35]} Nf6 {[%clk 1:30:16]} 5. O-O {[%clk 1:30:27]} Be7
{[%clk 1:29:38]} 6. d3 {[%clk 1:29:52]} b5 {[%clk 1:26:59]} 7. Bb3
{[%clk 1:30:19]} d6 {[%clk 1:24:22]} 8. a4 {[%clk 1:29:04]} Bb7 {[%clk 1:23:12]}
9. c3 {[%clk 1:29:02]} O-O {[%clk 1:20:42]} 10. Re1 {[%clk 1:27:12]} Na5
{[%clk 1:14:32]} 11. Bc2 {[%clk 1:26:45]} c5 {[%clk 1:14:53]} 12. d4
{[%clk 1:25:19]} cxd4 {[%clk 1:08:49]} 13. cxd4 {[%clk 1:25:32]} Nc6
{[%clk 1:07:21]} 14. d5 {[%clk 1:24:06]} Nb4 {[%clk 1:07:16]} 15. Bb3
{[%clk 1:22:25]} bxa4 {[%clk 1:00:18]} 16. Bxa4 {[%clk 1:19:29]} a5
{[%clk 0:51:59]} 17. Bb5 {[%clk 1:17:55]} Qb6 {[%clk 0:43:00]} 18. Nc3
{[%clk 1:14:48]} Ng4 {[%clk 0:38:08]} 19. Qe2 {[%clk 1:07:35]} f5
{[%clk 0:30:19]} 20. exf5 {[%clk 0:59:34]} Rxf5 {[%clk 0:26:08]} 21. h3
{[%clk 0:53:54]} Rxf3 {[%clk 0:13:34]} 22. Qxf3 {[%clk 0:38:39]} Nf6
{[%clk 0:13:27]} 23. Be3 {[%clk 0:38:16]} Qd8 {[%clk 0:13:45]} 24. Red1
{[%clk 0:36:52]} Qb8 {[%clk 0:14:00]} 25. Rac1 {[%clk 0:35:20]} Kh8
{[%clk 0:14:24]} 26. Bc4 {[%clk 0:33:31]} Qg8 {[%clk 0:14:07]} 27. Qe2
{[%clk 0:29:31]} h6 {[%clk 0:12:46]} 28. f4 {[%clk 0:27:50]} Qb8 {[%clk 0:11:11]}
29. Bf2 {[%clk 0:25:27]} Qf8 {[%clk 0:06:49]} 30. fxe5 {[%clk 0:22:01]} dxe5
{[%clk 0:07:16]} 31. Qxe5 {[%clk 0:21:21]} Bd6 {[%clk 0:05:40]} 32. Qf5
{[%clk 0:20:15]} Rc8 {[%clk 0:02:03]} 33. Bd3 {[%clk 0:15:28]} Re8
{[%clk 0:01:11]} 34. Re1 {[%clk 0:13:42]} Be5 {[%clk 0:01:37]} 35. Bb5
{[%clk 0:12:26]} Bc8 {[%clk 0:01:27]} 36. Qf3 {[%clk 0:12:25]} Re7
{[%clk 0:00:34]} 37. Bc5 {[%clk 0:11:27]} Bd6 {[%clk 0:01:00]} 38. Bxd6
{[%clk 0:08:50]} Rxe1+ {[%clk 0:01:26]} 39. Rxe1 {[%clk 0:09:13]} Qxd6
{[%clk 0:01:53]} 40. Qf2 {[%clk 0:06:25]} Bd7 {[%clk 0:00:40]} 41. Bc4
{[%clk 0:06:18]} Qc7 {[%clk 0:00:54]} 42. Bf1 {[%clk 0:06:26]} a4
{[%clk 0:00:41]} 43. Rd1 {[%clk 0:04:58]} Qd6 {[%clk 0:00:38]} 44. Nb5
{[%clk 0:04:25]} Qe5 {[%clk 0:00:36]} 45. Qd4 {[%clk 0:04:01]} Qh5
{[%clk 0:00:37]} 46. Nc3 {[%clk 0:03:58]} Nc2 {[%clk 0:00:39]} 47. Qf2
{[%clk 0:03:17]} Nb4 {[%clk 0:00:35]} 48. Be2 {[%clk 0:03:23]} Qg5
{[%clk 0:00:50]} 49. h4 {[%clk 0:02:56]} Qe5 {[%clk 0:01:14]} 50. Qd4
{[%clk 0:02:48]} Qd6 {[%clk 0:01:19]} 51. Ne4 {[%clk 0:02:50]} Nxe4
{[%clk 0:00:36]} 52. Qxe4 {[%clk 0:03:17]} Qc5+ {[%clk 0:00:35]} 53. Qd4
{[%clk 0:03:31]} Qe7 {[%clk 0:00:47]} 54. Bf3 {[%clk 0:03:32]} Nc2
{[%clk 0:00:55]} 55. Qf2 {[%clk 0:03:40]} Nb4 {[%clk 0:01:02]} 56. d6
{[%clk 0:03:37]} Qe5 {[%clk 0:00:35]} 57. Qd4 {[%clk 0:02:59]} Qb5
{[%clk 0:00:57]} 58. Kh2 {[%clk 0:03:03]} Nc2 {[%clk 0:00:57]} 59. Qf4
{[%clk 0:02:54]} Qb8 {[%clk 0:00:42]} 60. Be4 {[%clk 0:02:53]} Nb4
{[%clk 0:00:57]} 61. Rf1 {[%clk 0:03:12]} Qg8 {[%clk 0:00:37]} 62. Qf8
{[%clk 0:02:50]} Na6 {[%clk 0:00:32]} 63. Bd5 {[%clk 0:02:55]} Qxf8
{[%clk 0:00:59]} 64. Rxf8+ {[%clk 0:03:17]} Kh7 {[%clk 0:01:27]} 65. Be4+
{[%clk 0:03:35]} 1-0